000 00573nam a2200181Ia 4500
005 20250423095049.0
008 250422s9999 xx 000 0 und d
020 _a9783030894078
050 _aHD 38.5 .H65/
100 _aAndreas Holtschulte
245 0 _aDigital supply chain and logistics with iot: practical guide, methods, tools and use case for industry
260 _aSwitzerland
260 _bSpringer
260 _c2022
300 _a248 p
650 _a Business logistics--Information technology. Inventory control--Data processing.
942 _cBK
999 _c29131
_d29131